Diccionario de computación bilingue / (Registro nro. 57696)

Detalles MARC
000 -CABECERA
Longitud fija campo de control 01731cam a2200397 a 4500
003 - • IDENTIFICADOR DELl NÚMERO DE CONTROL
Identificador del número de control CO-BoRNBP
005 - • FECHA Y HORA DE LA ÚLTIMA TRANSACCIÓN
Fecha y hora de la última transacción 20250724145447.0
007 - • CAMPO FIJO DE DESCRIPCIÓN FÍSICA
Campo fijo de descripción física ta
008 - • CÓDIGOS DE INFORMACIÓN DE LONGITUD FIJA
Códigos de información de longitud fija 940729s1993 ck a rd 00010dspa d
020 ## - • NÚMERO INTERNACIONAL NORMALIZADO PARA LIBROS
Número Internacional Normalizado para Libros (ISBN) 9586002055 (Obra completa)
040 ## - FUENTE DE LA CATALOGACIÓN
Centro catalogador de origen la
Centro transcriptor la
041 1# - • CÓDIGO DE LENGUA
Código de lengua del texto/banda sonora o título independiente spa
Código de lengua original eng
082 04 - • NÚMERO DE LA CLASIFICACIÓN DECIMAL DEWEY
Número de clasificación (R) R001.6403
Número del ítem F73d
Número de edición 19 ed.
100 1# - • PUNTO DE ACCESO PRINCIPAL-NOMBRE DE PERSONA
Nombre de persona Freedman, Alan.
245 10 - • TITULO PROPIAMENTE DICHO
Título Diccionario de computación bilingue /
Mención de responsabilidad, etc. Alan Freedman ; traducción Universidad Blas Pascal, Isabel Morales Jareno ; revisión y coordinación técnica Luis Joyanes Aguilar.
250 ## - • MENCIÓN DE EDICIÓN
Mención de edición 5a. ed.
300 ## - • DESCRIPCIÓN FÍSICA
Extensión 3 v. :
Otras características físicas il., diagrs. ;
Dimensiones 23 cm. +
Material Anexo 1 disquete.
336 ## - TIPO DE CONTENIDO
Fuente rdacontent
Término de tipo de contenido texto
Código de tipo de contenido txt
337 ## - TIPO DE MEDIO
Fuente rdamedia
Nombre del tipo de medio sin mediación
Código del tipo de medio n
338 ## - TIPO DE SOPORTE
Fuente rdacarrier
Nombre del tipo de soporte volumen
Código del tipo de soporte nc
500 ## - • NOTA GENERAL
Nota general Traducido de la 5a. ed. en inglés de : The computer glossary : the complete illustrated desk reference.
500 ## - • NOTA GENERAL
Nota general Incluye términos por orden alfabético y términos numéricos.
500 ## - • NOTA GENERAL
Nota general Vocabulario Español-Inglés al final del v.3.
505 0# - • NOTA DE CONTENIDO CON FORMATO
Nota de contenido con formato v.1 A-E. -- v.2 F-O. -- v.3 P-Z ; Vocabulario Español-Inglés.
650 #7 - • PUNTO DE ACCESO ADICIONAL DE MATERIA - TÉRMINO DE MATERIA
Término de materia o nombre geográfico como elemento inicial Computadores
Subdivisión de forma Diccionarios.
Fuente del encabezamiento o término BLAAUTO
650 #7 - • PUNTO DE ACCESO ADICIONAL DE MATERIA - TÉRMINO DE MATERIA
Término de materia o nombre geográfico como elemento inicial Informática
Subdivisión de forma Diccionarios.
Fuente del encabezamiento o término BLAAUTO
650 #7 - • PUNTO DE ACCESO ADICIONAL DE MATERIA - TÉRMINO DE MATERIA
Término de materia o nombre geográfico como elemento inicial Lenguajes de programación (Computadores electrónicos)
Subdivisión de forma Diccionarios.
Fuente del encabezamiento o término BLAAUTO
650 #7 - • PUNTO DE ACCESO ADICIONAL DE MATERIA - TÉRMINO DE MATERIA
Término de materia o nombre geográfico como elemento inicial Programas para computador
Subdivisión de forma Diccionarios.
Fuente del encabezamiento o término BLAAUTO
650 #7 - • PUNTO DE ACCESO ADICIONAL DE MATERIA - TÉRMINO DE MATERIA
Término de materia o nombre geográfico como elemento inicial Sistemas operacionales (Computadores)
Subdivisión de forma Diccionarios.
Fuente del encabezamiento o término BLAAUTO
700 1# - • PUNTO DE ACCESO ADICIONAL - NOMBRE DE PERSONA
Nombre de persona Morales Jareno, Isabel,
Término indicativo de función tr.
700 1# - • PUNTO DE ACCESO ADICIONAL - NOMBRE DE PERSONA
Nombre de persona Joyanes Aguilar, Luis,
Término indicativo de función rev.
710 2# - • PUNTO DE ACCESO ADICIONAL - NOMBRE DE ENTIDAD
Nombre de entidad o nombre de jurisdicción como elemento inicial Universidad Blas Pascal
Sede del congreso (Córdoba, Argentina),
Término indicativo de función tr.
942 ## - ENTRADA DE ELEMENTOS AGREGADOS (KOHA)
Fuente de clasificaión o esquema Dewey Decimal Classification
Koha [por defecto] tipo de item LIbro
949 ## - TRATAMIENTO DE LA INFORMACIÓN LOCAL (OCLC)
a n
b n
Existencias
Perdido Fuente de clasificación o esquema Estado Físico No para préstamo Forma de adquisición Localización permanente Localización actual Localización en estanterías Fecha adquisición Préstamos totales Signatura completa Código de barras Fecha última consulta Número de copia Fecha del precio de reemplazo Tipo de item de Koha
  Dewey Decimal Classification     Colección General Biblioteca Pública Lejanias Biblioteca Pública Lejanias General 07/24/2025   R001.6403 F73d LEJ00807 07/24/2025 Ej.1 07/24/2025 LIbro









Instituto Departamental de Cultura del Meta - Red Departamental de Bibliotecas Públicas del Meta.